MARC

Tag First Indicator Second Indicator Subfields
LEADER 00000cam a2200000Mi 4500
001 in00002717921
005 20151202141833.0
008 831025s1772 enkac 000 1 fre d
035 |a (OCoLC)ocn520850374 
035 |a (OCoLC)520850374 
040 |a OKU  |b eng  |c OKU  |d OCLCQ  |d TXA  |d UtOrBLW 
049 |a TXAM 
090 |a PQ1955.B39  |b .L48 1772c 
100 1 |a Barbé-Marbois, François,  |c marquis de,  |d 1745-1837. 
245 1 0 |a Lettres de Madame la Marquise de Pompadour :  |b depuis MDCCLIII jusqu'à MDCCLXII inclusivement. ... 
246 1 7 |a Lettres de Mad. de Pompadour 
264 1 |a Londres [i.e. Liepzig?] :  |b Chez G. Owen; & T. Cadell [i.e. Jacobäer?],  |c 1772. 
300 |a 3 volumes :  |b illustrations, portrait ;  |c 8⁰. 
336 |a text  |b txt  |2 rdacontent 
337 |a unmediated  |b n  |2 rdamedia 
338 |a volume  |b nc  |2 rdacarrier 
500 |a Not in fact by Jeanne Antoinette, marquise de Pompadour; attributed to Fra̧ncois marquis de Barbé-Marbois. 
500 |a The imprint is false; probably printed for Jacobäer in Leipzig. 
500 |a In three parts, each with separate pagination and register. 
500 |a The first part contains letters for the years 1753-1761; the second (which has the same title as the first) for the years 1761-1762; the third part contains the letters for the years 1746-1752. 
500 |a Also issued as part of a 5 volume set with collective titlepage to the first volume: 'Oeuvres melees de Madame la marquise de Pompadour, contenant ses memoires ecrits par elle-meme, & ses lettres'. 
500 |a A volume of letters to Madame Pompadour was published in the same year: 'Lettres et réponses ecrites a Madame la Marquise de Pompadour'. 
700 1 |a Pompadour, Jeanne Antoinette Poisson,  |c marquise de,  |d 1721-1764. 
856 4 1 |a http://www.gale.com  |m Gale technical support (800)877-4253  |u http://libraries.ou.edu/access.aspx?url=http://galenet.galegroup.com/servlet/ECCO?locID=nor94900&c=1&stp=Author&ste=11&af=BN&ae=T147370&tiPG=1&dd=0&dc=flc&docNum=CW113259872&vrsn=1.0&srchtp=a&d4=0.33&n=10&SU=0LRK  |t 0 
948 |a cataloged  |b h  |c 2011/8/11  |d c  |e hgolay  |f 9:28:33 am 
994 |a C0  |b TXA 
999 |a MARS 
999 f f |s bd421e8f-84e7-302f-8796-d5596e84e3ac  |i 61139eb6-abf7-3ad9-991c-d9e20bc1951b  |t 0 
952 f f |p noncirc  |a Texas A&M University  |b College Station  |c Cushing Memorial Library & Archives  |d Cushing: Dawson French (Does not check out)  |t 0  |e PQ1955.B39 .L48 1772c  |h Library of Congress classification  |i unmediated -- volume  |k t.1/t.2:2.ptie 
998 f f |a PQ1955.B39 .L48 1772c  |s t.1-t.2:2.ptie  |t 0  |l Cushing: Dawson French (Does not check out)